|
|
|
|
| LEADER |
00000nam0a2200000 4500 |
| 001 |
298059 |
| 005 |
20231102001052.0 |
| 035 |
|
|
|a (RuTPU)RU\TPU\book\323201
|
| 090 |
|
|
|a 298059
|
| 100 |
|
|
|a 20150616d1984 km y0rusy50 ca
|
| 101 |
0 |
|
|a rus
|
| 102 |
|
|
|a RU
|
| 105 |
|
|
|a a z 001zy
|
| 200 |
1 |
|
|a Миоспоры раннего мела Украины
|f М. А. Воронова
|g Академия наук Украинской ССР (АН УССР), Институт геологических наук (ИГН)
|
| 210 |
|
|
|a Киев
|c Наукова думка
|d 1984
|
| 215 |
|
|
|a 120 с.
|c ил.
|
| 320 |
|
|
|a Библиогр.: с. 110-117
|
| 606 |
1 |
|
|a Миоспоры
|2 stltpush
|3 (RuTPU)RU\TPU\subj\44082
|9 63456
|
| 610 |
1 |
|
|a Украина
|
| 610 |
1 |
|
|a мел
|
| 610 |
1 |
|
|a палиноморфы
|
| 610 |
1 |
|
|a папоротники
|
| 610 |
1 |
|
|a нижнемеловые отложения
|
| 610 |
1 |
|
|a споры
|
| 610 |
1 |
|
|a пыльца
|
| 610 |
1 |
|
|a стратиграфическое расчленение
|
| 610 |
1 |
|
|a систематика
|
| 675 |
|
|
|a 561
|v 4
|
| 700 |
|
1 |
|a Воронова
|b М. А.
|g Маргарита Артемьевна
|
| 712 |
0 |
2 |
|a Академия наук Украинской ССР (АН УССР)
|b Институт геологических наук (ИГН)
|c (Киев)
|2 stltpush
|3 (RuTPU)RU\TPU\col\12890
|
| 801 |
|
1 |
|a RU
|b 63413507
|c 20150616
|
| 801 |
|
2 |
|a RU
|b 63413507
|c 20190218
|g RCR
|
| 942 |
|
|
|c BK
|